00548nam a2200181Ia 450000500170000000800410001702000130005804000190007104100120009008200150010224501040011726000480022130000140026965000180028365100330030170000220033485000100035620230609121501.0131103s9999 xx 000 0 und d c2.85 pds aLoreto College aEnglish a808.2bENC 4aThe comic b in theory and practice cedited by John J. En, Elizabeth T. Forter [and] Alvin Whitley aNew York bAppleton- Century- Crofts c1960 ax,340 p.  aLiterature -  aRhetoric - Drama - Comedy -  aEnck, John J.,ed. aLCLIB